000
00280nam a2200109Ia 4500
008
200302s9999 xx 000 0 und d
100
_a
Cj lim
245
_a
Devices Manual of Architectural Spatial Machies
260
_b
Architectural Press Ltd.
260
_c
2006
300
_a
253 P.,
999
_c
5181
_d
5181